Cerca de 50000 guatemaltecos viajan cada año a EE.UU. en busca de una mejor vida

Αποθηκεύτηκε σε:
Λεπτομέρειες βιβλιογραφικής εγγραφής
Μορφή: Κείμενο
Ετικέτες: Προσθήκη ετικέτας
Δεν υπάρχουν, Καταχωρήστε ετικέτα πρώτοι!

MARC

LEADER 00000 a a2200000 04500
001 45938
003
040
245 |a Cerca de 50000 guatemaltecos viajan cada año a EE.UU. en busca de una mejor vida  
773 |g volumen33, número1 (2010), páginas 18  
999 |c 17823  |d 17823